[Event "94th FRA-ch Women 2019"]
[Site "Chartres"]
[Date "2019.08.21"]
[Round "5.3"]
[White "Milliet, Sophie"]
[Black "Richard, Emma"]
[Result "1/2-1/2"]
[WhiteElo "2397"]
[BlackElo "2104"]
[Annotator "NA"]
[PlyCount "132"]
[EventDate "2019.08.17"]
[EventType "tourn"]
[EventCountry "FRA"]
[SourceTitle "playchess.com"]
[Source "ChessBase"]
[SourceQuality "1"]
[TimeControl "40/5400+30:1800+30"]

1. e4 {[%emt 0:00:00]} c5 {[%emt 0:00:00]} 2. Nf3 {[%emt 0:00:00]} Nc6 {[%emt 0:00:00]} 3. Bb5 {[%emt 0:00:00]} e6 {[%emt 0:00:00]} 4. O-O {[%emt 0:01:05]} Nge7 {[%emt 0:00:00]} 5. d4 {[%emt 0:00:18]} cxd4 {[%emt 0:01:19]} 6. Nxd4 {[%emt 0:00:04]} Ng6 {[%emt 0:03:52]} 7. Be3 {[%emt 0:05:11]} Qc7 {[%emt 0:05:01]} 8. Be2 {[%emt 0:02:57]} Nxd4 {[%emt 0:14:53]} 9. Bxd4 {[%emt 0:01:34]} Bd6 {[%emt 0:03:04]} 10. g3 {[%emt 0:00:33]} O-O {[%emt 0:01:07]} 11. c4 {[%emt 0:06:09]} b6 {[%emt 0:06:47]} 12. Nc3 {[%emt 0:01:43]} Qb8 {[%emt 0:17:00]} 13. Qd2 {[%emt 0:05:43]} Bb7 {[%emt 0:06:12]} 14. f4 {[%emt 0:28:08]} Bb4 {[%emt 0:13:51]} 15. a3 {[%emt 0:00:43]} Bxc3 {[%emt 0:01:05]} 16. Bxc3 {[%emt 0:00:10]} Qc7 {[%emt 0:01:26]} 17. b4 {[%emt 0:11:23]} f6 {[%emt 0:00:54]} 18. Rad1 {[%emt 0:03:55]} Rad8 {[%emt 0:03:12]} 19. Qd6 {[%emt 0:03:09]} Qc8 {[%emt 0:05:51]} 20. Bd3 {[%emt 0:12:01]} Nh8 {[%emt 0:00:17]} 21. Qd4 {[%emt 0:01:36]} Nf7 {[%emt 0:00:46]} 22. Rde1 {[%emt 0:00:55]} d6 {[%emt 0:03:27]} 23. Bb2 {[%emt 0:02:48]} e5 {[%emt 0:01:56]} 24. Qe3 {[%emt 0:00:53]} Rfe8 {[%emt 0:00:21]} 25. f5 {[%emt 0:00:23]} Qd7 {[%emt 0:02:53]} 26. h4 {[%emt 0:00:33]} Rc8 {[%emt 0:05:22]} 27. Rf2 {[%emt 0:01:51]} Nh6 {[%emt 0:00:45]} 28. Qe2 {[%emt 0:00:59]} b5 {[%emt 0:00:23]} 29. Rd1 {[%emt 0:02:06]} bxc4 {[%emt 0:01:22]} 30. Bxc4+ {[%emt 0:00:04]} Kh8 {[%emt 0:00:07]} 31. Bb3 {[%emt 0:02:10]} Rcd8 {[%emt 0:01:24]} 32. g4 {[%emt 0:00:49]} Bc6 {[%emt 0:00:33]} 33. g5 {[%emt 0:01:15]} Ng8 {[%emt 0:00:17]} 34. Bc1 {[%emt 0:04:08]} Ba4 {[%emt 0:00:39]} 35. Bxa4 {[%emt 0:01:36]} Qxa4 {[%emt 0:00:04]} 36. g6 {[%emt 0:00:23]} h6 {[%emt 0:00:23]} 37. Qc2 {[%emt 0:00:07]} Qa6 {[%emt 0:01:06]} 38. Qd3 {[%emt 0:00:05]} Qb7 {[%emt 0:00:18]} 39. Be3 {[%emt 0:00:27]} Rd7 {[%emt 0:00:14]} 40. Rc2 {[%emt 0:00:54]} Ne7 {[%emt 0:01:05]} 41. Rc5 {[%emt 0:09:01]} Red8 {[%emt 0:18:47]} 42. Ra5 {[%emt 0:03:29]} Qa8 {[%emt 0:04:35]} 43. b5 {[%emt 0:09:37]} d5 {[%emt 0:01:34]} 44. b6 {[%emt 0:04:48]} d4 {[%emt 0:00:57]} 45. Bd2 {[%emt 0:01:13]} Nc8 {[%emt 0:00:19]} 46. Rb1 {[%emt 0:01:27]} Qc6 {[%emt 0:03:02]} 47. bxa7 {[%emt 0:00:07]} Rxa7 {[%emt 0:00:12]} 48. Rab5 {[%emt 0:02:16]} Nd6 {[%emt 0:02:26]} 49. Rd5 {[%emt 0:02:14]} Rda8 {[%emt 0:01:07]} 50. Rc1 {[%emt 0:00:42]} Qb6 {[%emt 0:00:06]} 51. Bb4 {[%emt 0:00:12]} Ne8 {[%emt 0:01:16]} 52. Qb5 {[%emt 0:00:26]} Qxb5 {[%emt 0:00:58]} 53. Rxb5 {[%emt 0:00:01]} Rd7 {[%emt 0:00:30]} 54. Rd5 {[%emt 0:01:54]} Rb7 {[%emt 0:00:07]} 55. Kf2 {[%emt 0:00:18]} Kg8 {[%emt 0:00:32]} 56. Ke2 {[%emt 0:00:15]} Rc7 {[%emt 0:01:28]} 57. Rcc5 {[%emt 0:01:04]} Rb7 {[%emt 0:00:38]} 58. Kd3 {[%emt 0:00:08]} Rc7 {[%emt 0:00:34]} 59. Rxc7 {[%emt 0:00:43]} Nxc7 {[%emt 0:00:04]} 60. Rd7 {[%emt 0:00:04]} Rc8 {[%emt 0:00:27]} 61. Rd6 {[%emt 0:00:51]} Nb5 {[%emt 0:00:50]} 62. Ra6 {[%emt 0:00:30]} Nc3 {[%emt 0:00:33]} 63. a4 {[%emt 0:00:35]} Nd1 {[%emt 0:00:10]} 64. Be1 {[%emt 0:00:20]} Nb2+ {[%emt 0:00:31]} 65. Ke2 {[%emt 0:00:03]} d3+ {[%emt 0:00:40]} 66. Ke3 {[%emt 0:00:06]} Rd8 {[%emt 0:00:08]} 1/2-1/2

[Event "94th FRA-ch Women 2019"]
[Site "Chartres"]
[Date "2019.08.21"]
[Round "5.4"]
[White "Monpeurt, Cyrielle"]
[Black "Maisuradze, Nino"]
[Result "1/2-1/2"]
[WhiteElo "2171"]
[BlackElo "2203"]
[Annotator "NA"]
[PlyCount "137"]
[EventDate "2019.08.17"]
[EventType "tourn"]
[EventCountry "FRA"]
[SourceTitle "playchess.com"]
[Source "ChessBase"]
[SourceQuality "1"]
[TimeControl "40/5400+30:1800+30"]

1. e4 {[%emt 0:00:00]} c5 {[%emt 0:00:00]} 2. Nc3 {[%emt 0:00:00]} Nc6 {[%emt 0:00:07]} 3. Nge2 {[%emt 0:00:00]} g6 {[%emt 0:01:31]} 4. d4 {[%emt 0:00:07]} cxd4 {[%emt 0:00:11]} 5. Nxd4 {[%emt 0:00:06]} Bg7 {[%emt 0:00:59]} 6. Be3 {[%emt 0:00:22]} Nf6 {[%emt 0:02:06]} 7. Nxc6 {[%emt 0:00:21]} bxc6 {[%emt 0:00:53]} 8. e5 {[%emt 0:00:06]} Ng8 {[%emt 0:02:22]} 9. Bd4 {[%emt 0:00:08]} Qa5 {[%emt 0:00:47]} 10. f4 {[%emt 0:00:21]} f6 {[%emt 0:03:09]} 11. Qd2 {[%emt 0:00:45]} fxe5 {[%emt 0:00:27]} 12. fxe5 {[%emt 0:00:06]} c5 {[%emt 0:03:10]} 13. Bf2 {[%emt 0:00:31]} Rb8 {[%emt 0:02:19]} 14. Bc4 {[%emt 0:00:57]} Rxb2 {[%emt 0:07:53]} 15. Bg3 {[%emt 0:01:17]} Ba6 {[%emt 0:27:11]} 16. Bxa6 {[%emt 0:05:01]} Qxa6 {[%emt 0:00:09]} 17. Rd1 {[%emt 0:00:09]} Rb7 {[%emt 0:05:12]} 18. Qd5 {[%emt 0:01:35]} Nh6 {[%emt 0:28:04]} 19. Ne4 {[%emt 0:08:23]} Qc6 {[%emt 0:02:27]} 20. Qxc6 {[%emt 0:03:19]} dxc6 {[%emt 0:00:01]} 21. Nxc5 {[%emt 0:00:13]} Rb4 {[%emt 0:08:16]} 22. O-O {[%emt 0:02:36]} Nf5 {[%emt 0:01:49]} 23. Ne6 {[%emt 0:10:13]} Kf7 {[%emt 0:00:08]} 24. Nd8+ {[%emt 0:00:05]} Ke8 {[%emt 0:02:03]} 25. Nxc6 {[%emt 0:00:12]} Rc4 {[%emt 0:00:20]} 26. Rd8+ {[%emt 0:22:13]} Kf7 {[%emt 0:00:01]} 27. Rxh8 {[%emt 0:00:06]} Bxh8 {[%emt 0:00:01]} 28. Nxa7 {[%emt 0:00:09]} Ke6 {[%emt 0:00:49]} 29. Bf4 {[%emt 0:11:28]} Nd4 {[%emt 0:00:22]} 30. g3 {[%emt 0:03:07]} Rc7 {[%emt 0:00:48]} 31. Be3 {[%emt 0:00:54]} Bxe5 {[%emt 0:00:13]} 32. Rd1 {[%emt 0:00:58]} Nf5 {[%emt 0:01:24]} 33. Bf2 {[%emt 0:02:09]} Rxc2 {[%emt 0:00:02]} 34. a3 {[%emt 0:00:40]} Rc4 {[%emt 0:00:48]} 35. Nb5 {[%emt 0:00:22]} Nd6 {[%emt 0:00:21]} 36. Nd4+ {[%emt 0:01:25]} Kd7 {[%emt 0:00:21]} 37. Nf3 {[%emt 0:00:55]} Bf6 {[%emt 0:00:31]} 38. Bd4 {[%emt 0:03:21]} Bxd4+ {[%emt 0:00:22]} 39. Nxd4 {[%emt 0:00:36]} Rc5 {[%emt 0:00:54]} 40. Ne2 {[%emt 0:02:43]} Rc2 {[%emt 0:00:44]} 41. Kf2 {[%emt 0:30:17]} e5 {[%emt 0:05:18]} 42. Ra1 {[%emt 0:00:00]} Nf5 {[%emt 0:02:47]} 43. Ke1 {[%emt 0:00:00]} Nd4 {[%emt 0:07:02]} 44. Nxd4 {[%emt 0:00:00]} exd4 {[%emt 0:00:00]} 45. Rd1 {[%emt 0:00:00]} Rxh2 {[%emt 0:02:54]} 46. Rxd4+ {[%emt 0:00:00]} Ke6 {[%emt 0:00:31]} 47. Rh4 {[%emt 0:00:00]} Rg2 {[%emt 0:03:09]} 48. Rxh7 {[%emt 0:00:00]} Rxg3 {[%emt 0:00:05]} 49. a4 {[%emt 0:00:00]} Ra3 {[%emt 0:00:18]} 50. Rh4 {[%emt 0:00:00]} Ra2 {[%emt 0:02:54]} 51. Kf1 {[%emt 0:00:00]} Kf5 {[%emt 0:00:37]} 52. Rb4 {[%emt 0:00:00]} g5 {[%emt 0:00:34]} 53. Kg1 {[%emt 0:00:00]} Kg6 {[%emt 0:00:12]} 54. Rb6+ {[%emt 0:00:00]} Kh5 {[%emt 0:00:05]} 55. Rb4 {[%emt 0:00:00]} g4 {[%emt 0:00:08]} 56. Rc4 {[%emt 0:00:00]} Kh4 {[%emt 0:00:06]} 57. Rc1 {[%emt 0:00:00]} Kh3 {[%emt 0:00:37]} 58. Rb1 {[%emt 0:00:00]} Rxa4 {[%emt 0:01:18]} 59. Rb3+ {[%emt 0:00:00]} g3 {[%emt 0:00:04]} 60. Rb1 {[%emt 0:00:00]} Ra2 {[%emt 0:03:45]} 61. Rc1 {[%emt 0:00:00]} Rg2+ {[%emt 0:08:51]} 62. Kh1 {[%emt 0:00:00]} Rb2 {[%emt 0:00:00]} 63. Kg1 {[%emt 0:00:00]} Rb3 {[%emt 0:00:00]} 64. Ra1 {[%emt 0:00:04]} g2 {[%emt 0:00:00]} 65. Rc1 {[%emt 0:00:32]} Rf3 {[%emt 0:00:00]} 66. Ra1 {[%emt 0:00:09]} Kg3 {[%emt 0:00:00]} 67. Rb1 {[%emt 0:00:05]} Re3 {[%emt 0:00:00]} 68. Ra1 {[%emt 0:00:08]} Kf3 {[%emt 0:00:00]} 69. Rb1 {[%emt 0:00:19]} 1/2-1/2

[Event "94th FRA-ch Women 2019"]
[Site "Chartres"]
[Date "2019.08.21"]
[Round "5.5"]
[White "Leconte, Maria"]
[Black "Safranska, Anda"]
[Result "1/2-1/2"]
[WhiteElo "2252"]
[BlackElo "2128"]
[Annotator "NA"]
[PlyCount "65"]
[EventDate "2019.08.17"]
[EventType "tourn"]
[EventCountry "FRA"]
[SourceTitle "playchess.com"]
[Source "ChessBase"]
[SourceQuality "1"]
[TimeControl "40/5400+30:1800+30"]

1. e4 {[%emt 0:00:00]} c6 {[%emt 0:00:00]} 2. d4 {[%emt 0:00:11]} d5 {[%emt 0:00:16]} 3. Nc3 {[%emt 0:00:16]} dxe4 {[%emt 0:00:13]} 4. Nxe4 {[%emt 0:00:05]} Nf6 {[%emt 0:00:06]} 5. Nxf6+ {[%emt 0:03:03]} exf6 {[%emt 0:00:05]} 6. c3 {[%emt 0:02:32]} Bf5 {[%emt 0:00:09]} 7. Bd3 {[%emt 0:06:35]} Bxd3 {[%emt 0:00:39]} 8. Qxd3 {[%emt 0:00:06]} Bd6 {[%emt 0:00:07]} 9. Qe4+ {[%emt 0:12:34]} Qe7 {[%emt 0:00:07]} 10. Qxe7+ {[%emt 0:00:06]} Kxe7 {[%emt 0:00:04]} 11. Ne2 {[%emt 0:00:54]} Nd7 {[%emt 0:00:24]} 12. O-O {[%emt 0:00:52]} Nb6 {[%emt 0:05:15]} 13. Ng3 {[%emt 0:02:17]} Bxg3 {[%emt 0:02:35]} 14. fxg3 {[%emt 0:03:33]} Rhe8 {[%emt 0:05:08]} 15. Bf4 {[%emt 0:10:07]} Kd7 {[%emt 0:04:26]} 16. Rae1 {[%emt 0:04:28]} Nd5 {[%emt 0:04:00]} 17. Bd2 {[%emt 0:03:56]} b5 {[%emt 0:03:11]} 18. g4 {[%emt 0:01:24]} a5 {[%emt 1:12:15]} 19. Kf2 {[%emt 0:02:46]} a4 {[%emt 0:00:00]} 20. Re2 {[%emt 0:10:45]} Re6 {[%emt 0:00:00]} 21. Rxe6 {[%emt 0:01:12]} fxe6 {[%emt 0:00:00]} 22. Ke2 {[%emt 0:00:23]} Kd6 {[%emt 0:00:00]} 23. Kd3 {[%emt 0:01:43]} h6 {[%emt 0:00:00]} 24. Be1 {[%emt 0:13:26]} c5 {[%emt 0:00:00]} 25. Bg3+ {[%emt 0:00:05]} Kc6 {[%emt 0:00:00]} 26. dxc5 {[%emt 0:05:15]} Kxc5 {[%emt 0:00:00]} 27. Bf2+ {[%emt 0:02:30]} Kc6 {[%emt 0:00:00]} 28. Re1 {[%emt 0:01:38]} Re8 {[%emt 0:00:00]} 29. b3 {[%emt 0:02:23]} axb3 {[%emt 0:00:00]} 30. axb3 {[%emt 0:00:01]} Nc7 {[%emt 0:00:00]} 31. c4 {[%emt 0:01:29]} Rd8+ {[%emt 0:06:30]} 32. Kc3 {[%emt 0:00:56]} bxc4 {[%emt 0:00:00]} 33. bxc4 {[%emt 0:00:58]} 1/2-1/2

[Event "94th FRA-ch Women 2019"]
[Site "Chartres"]
[Date "2019.08.22"]
[Round "6.1"]
[White "Richard, Emma"]
[Black "Thomas, Anysia"]
[Result "1-0"]
[WhiteElo "2104"]
[BlackElo "2158"]
[Annotator "NA"]
[PlyCount "57"]
[EventDate "2019.08.17"]
[EventType "tourn"]
[EventCountry "FRA"]
[SourceTitle "playchess.com"]
[Source "ChessBase"]
[SourceQuality "1"]
[TimeControl "40/5400+30:1800+30"]

1. e4 {[%emt 0:00:00]} c5 {[%emt 0:00:00]} 2. Nc3 {[%emt 0:00:00]} Nc6 {[%emt 0:00:00]} 3. Nf3 {[%emt 0:00:00]} g6 {[%emt 0:00:00]} 4. Bb5 {[%emt 0:00:00]} Nd4 {[%emt 0:00:26]} 5. Ba4 {[%emt 0:00:09]} Bg7 {[%emt 0:02:13]} 6. O-O {[%emt 0:00:07]} a6 {[%emt 0:04:50]} 7. Nxd4 {[%emt 0:01:30]} cxd4 {[%emt 0:00:08]} 8. Ne2 {[%emt 0:00:04]} b5 {[%emt 0:04:04]} 9. Bb3 {[%emt 0:00:06]} Bb7 {[%emt 0:00:06]} 10. d3 {[%emt 0:00:47]} e6 {[%emt 0:03:06]} 11. f4 {[%emt 0:05:40]} Ne7 {[%emt 0:03:30]} 12. f5 {[%emt 0:09:15]} Nc6 {[%emt 0:05:59]} 13. a3 {[%emt 0:12:54]} O-O {[%emt 0:05:49]} 14. Qe1 {[%emt 0:15:02]} a5 {[%emt 0:17:59]} 15. Qg3 {[%emt 0:11:49]} a4 {[%emt 0:21:39]} 16. Ba2 {[%emt 0:00:04]} Bc8 {[%emt 0:06:25]} 17. Bg5 {[%emt 0:07:48]} f6 {[%emt 0:00:34]} 18. fxe6 {[%emt 0:13:59]} dxe6 {[%emt 0:00:40]} 19. Bf4 {[%emt 0:01:39]} Rf7 {[%emt 0:09:49]} 20. h4 {[%emt 0:07:43]} Raa7 {[%emt 0:01:37]} 21. h5 {[%emt 0:01:01]} g5 {[%emt 0:00:52]} 22. Bd2 {[%emt 0:00:07]} h6 {[%emt 0:01:05]} 23. c3 {[%emt 0:02:47]} Kh8 {[%emt 0:06:57]} 24. cxd4 {[%emt 0:03:17]} Nxd4 {[%emt 0:01:02]} 25. Nxd4 {[%emt 0:00:03]} Qxd4+ {[%emt 0:00:03]} 26. Be3 {[%emt 0:00:08]} Qxb2 {[%emt 0:01:50]} 27. Bxa7 {[%emt 0:00:14]} Rxa7 {[%emt 0:00:03]} 28. Qb8 {[%emt 0:07:47]} Kh7 {[%emt 0:02:26]} 29. Qxa7 {[%emt 0:00:00]} 1-0

[Event "94th FRA-ch Women 2019"]
[Site "Chartres"]
[Date "2019.08.22"]
[Round "6.2"]
[White "Safranska, Anda"]
[Black "Guichard, Pauline"]
[Result "0-1"]
[WhiteElo "2128"]
[BlackElo "2405"]
[Annotator "NA"]
[PlyCount "110"]
[EventDate "2019.08.17"]
[EventType "tourn"]
[EventCountry "FRA"]
[SourceTitle "playchess.com"]
[Source "ChessBase"]
[SourceQuality "1"]
[TimeControl "40/5400+30:1800+30"]

1. Nf3 {[%emt 0:00:00]} d5 {[%emt 0:00:00]} 2. g3 {[%emt 0:00:00]} Nf6 {[%emt 0:00:00]} 3. Bg2 {[%emt 0:00:00]} e6 {[%emt 0:00:00]} 4. d3 {[%emt 0:00:48]} Be7 {[%emt 0:00:08]} 5. O-O {[%emt 0:00:10]} O-O {[%emt 0:00:11]} 6. Nbd2 {[%emt 0:00:15]} c5 {[%emt 0:00:16]} 7. e4 {[%emt 0:00:36]} Nc6 {[%emt 0:00:15]} 8. Re1 {[%emt 0:01:36]} b5 {[%emt 0:00:13]} 9. e5 {[%emt 0:02:03]} Nd7 {[%emt 0:00:14]} 10. Nf1 {[%emt 0:01:41]} Bb7 {[%emt 0:01:26]} 11. h4 {[%emt 0:00:18]} Qc7 {[%emt 0:00:42]} 12. Bf4 {[%emt 0:00:15]} Rfc8 {[%emt 0:00:30]} 13. N1h2 {[%emt 1:28:48]} Bf8 {[%emt 0:16:15]} 14. h5 {[%emt 0:00:00]} h6 {[%emt 0:00:09]} 15. Ng4 {[%emt 0:00:00]} Qd8 {[%emt 0:02:44]} 16. a3 {[%emt 0:00:00]} a5 {[%emt 0:00:45]} 17. Qd2 {[%emt 0:00:00]} a4 {[%emt 0:04:10]} 18. Rad1 {[%emt 0:00:00]} b4 {[%emt 1:11:02]} 19. Ra1 {[%emt 0:00:00]} Ra6 {[%emt 0:00:00]} 20. Bf1 {[%emt 0:00:00]} Rca8 {[%emt 0:00:00]} 21. Qc1 {[%emt 0:00:00]} Rb6 {[%emt 0:00:00]} 22. Be3 {[%emt 0:00:00]} Ne7 {[%emt 0:00:00]} 23. Bg2 {[%emt 0:00:00]} Bc6 {[%emt 0:00:00]} 24. axb4 {[%emt 0:00:00]} Rxb4 {[%emt 0:00:00]} 25. Bf4 {[%emt 0:00:00]} Rab8 {[%emt 0:00:00]} 26. Ra2 {[%emt 0:00:00]} d4 {[%emt 0:00:00]} 27. c3 {[%emt 0:00:00]} dxc3 {[%emt 0:00:00]} 28. bxc3 {[%emt 0:00:00]} R4b7 {[%emt 0:00:00]} 29. c4 {[%emt 0:00:00]} Rb3 {[%emt 0:00:00]} 30. Rd1 {[%emt 0:00:00]} Nf5 {[%emt 0:00:00]} 31. Ne3 {[%emt 0:00:00]} Nxe3 {[%emt 0:00:00]} 32. Qxe3 {[%emt 0:00:00]} Qb6 {[%emt 0:00:00]} 33. Nd2 {[%emt 0:00:00]} Rb4 {[%emt 0:00:00]} 34. Bxc6 {[%emt 0:00:00]} Qxc6 {[%emt 0:00:00]} 35. Qe4 {[%emt 0:00:00]} Qc7 {[%emt 0:00:00]} 36. Rda1 {[%emt 0:00:00]} Nb6 {[%emt 0:00:00]} 37. Qf3 {[%emt 0:00:00]} Rd8 {[%emt 0:00:00]} 38. Ra3 {[%emt 0:00:00]} Qd7 {[%emt 0:02:49]} 39. Be3 {[%emt 0:00:00]} Be7 {[%emt 0:02:16]} 40. Ne4 {[%emt 0:01:20]} Rc8 {[%emt 0:03:07]} 41. Qg4 {[%emt 0:12:15]} Kh8 {[%emt 0:03:05]} 42. Qe2 {[%emt 0:03:07]} Qc7 {[%emt 0:02:33]} 43. Bf4 {[%emt 0:02:12]} Qc6 {[%emt 0:01:50]} 44. Kh2 {[%emt 0:02:50]} Rd8 {[%emt 0:06:08]} 45. Be3 {[%emt 0:07:56]} Nxc4 {[%emt 0:04:16]} 46. dxc4 {[%emt 0:00:10]} Qxe4 {[%emt 0:00:09]} 47. Rxa4 {[%emt 0:00:09]} Rxa4 {[%emt 0:07:40]} 48. Rxa4 {[%emt 0:00:06]} Rb8 {[%emt 0:00:31]} 49. Qf1 {[%emt 0:03:16]} Qxe5 {[%emt 0:03:06]} 50. Qh3 {[%emt 0:08:35]} Rb2 {[%emt 0:00:23]} 51. Kg1 {[%emt 0:01:08]} Rb1+ {[%emt 0:02:17]} 52. Kh2 {[%emt 0:00:04]} Qe4 {[%emt 0:00:04]} 53. Qg2 {[%emt 0:00:07]} Qg4 {[%emt 0:00:10]} 54. Qa8+ {[%emt 0:00:31]} Kh7 {[%emt 0:01:52]} 55. Kg2 {[%emt 0:01:36]} Qd1 {[%emt 0:00:58]} 0-1

[Event "94th FRA-ch Women 2019"]
[Site "Chartres"]
[Date "2019.08.22"]
[Round "6.3"]
[White "Navrotescu, Andreea-Cristiana"]
[Black "Milliet, Sophie"]
[Result "1/2-1/2"]
[WhiteElo "2210"]
[BlackElo "2397"]
[Annotator "NA"]
[PlyCount "130"]
[EventDate "2019.08.17"]
[EventType "tourn"]
[EventCountry "FRA"]
[SourceTitle "playchess.com"]
[Source "ChessBase"]
[SourceQuality "1"]
[TimeControl "40/5400+30:1800+30"]

1. d4 {[%emt 0:00:00]} Nf6 {[%emt 0:00:00]} 2. c4 {[%emt 0:00:00]} c5 {[%emt 0:00:00]} 3. d5 {[%emt 0:00:00]} g6 {[%emt 0:00:00]} 4. Nc3 {[%emt 0:00:00]} Bg7 {[%emt 0:00:03]} 5. e4 {[%emt 0:00:03]} d6 {[%emt 0:00:03]} 6. Nge2 {[%emt 0:00:13]} b5 {[%emt 0:02:55]} 7. cxb5 {[%emt 0:01:14]} a6 {[%emt 0:00:10]} 8. Ng3 {[%emt 0:01:29]} O-O {[%emt 0:02:04]} 9. a4 {[%emt 0:01:38]} h5 {[%emt 0:00:45]} 10. h4 {[%emt 0:08:28]} Ng4 {[%emt 0:14:26]} 11. f3 {[%emt 0:02:04]} Be5 {[%emt 0:01:32]} 12. Nge2 {[%emt 0:06:01]} axb5 {[%emt 0:00:45]} 13. fxg4 {[%emt 0:04:51]} Bxg4 {[%emt 0:00:05]} 14. Qc2 {[%emt 0:02:47]} Na6 {[%emt 0:01:12]} 15. Nf4 {[%emt 0:07:55]} Nb4 {[%emt 0:00:31]} 16. Qb1 {[%emt 0:03:23]} e6 {[%emt 0:02:20]} 17. Bxb5 {[%emt 0:08:24]} Qe7 {[%emt 0:30:31]} 18. Ra3 {[%emt 0:04:52]} c4 {[%emt 0:14:30]} 19. Nce2 {[%emt 0:08:16]} exd5 {[%emt 0:04:10]} 20. O-O {[%emt 0:11:40]} Qxh4 {[%emt 0:05:24]} 21. g3 {[%emt 0:00:38]} Qe7 {[%emt 0:00:52]} 22. Bd2 {[%emt 0:04:40]} Bxe2 {[%emt 0:07:23]} 23. Nxe2 {[%emt 0:01:08]} Nd3 {[%emt 0:00:07]} 24. Rxd3 {[%emt 0:03:01]} cxd3 {[%emt 0:00:09]} 25. Qxd3 {[%emt 0:00:11]} h4 {[%emt 0:04:22]} 26. Bf4 {[%emt 0:04:34]} hxg3 {[%emt 0:02:26]} 27. Qxg3 {[%emt 0:01:57]} Bxf4 {[%emt 0:03:08]} 28. Rxf4 {[%emt 0:00:13]} dxe4 {[%emt 0:00:08]} 29. Bc4 {[%emt 0:01:05]} d5 {[%emt 0:00:04]} 30. Bb5 {[%emt 0:01:04]} Rac8 {[%emt 0:00:07]} 31. Nd4 {[%emt 0:02:12]} Qc5 {[%emt 0:01:13]} 32. Qe3 {[%emt 0:00:43]} f5 {[%emt 0:02:06]} 33. Bd7 {[%emt 0:01:07]} Qc1+ {[%emt 0:00:48]} 34. Qxc1 {[%emt 0:00:07]} Rxc1+ {[%emt 0:00:00]} 35. Rf1 {[%emt 0:02:26]} Rc4 {[%emt 0:00:12]} 36. Rd1 {[%emt 0:00:26]} Rb8 {[%emt 0:01:03]} 37. b3 {[%emt 0:00:57]} Rc5 {[%emt 0:00:29]} 38. Be6+ {[%emt 0:01:03]} Kh7 {[%emt 0:00:42]} 39. Kf2 {[%emt 0:00:06]} f4 {[%emt 0:01:04]} 40. Bf7 {[%emt 0:02:33]} Rc3 {[%emt 0:01:39]} 41. Bxd5 {[%emt 0:30:47]} Re8 {[%emt 0:08:51]} 42. a5 {[%emt 0:00:00]} Re5 {[%emt 0:06:23]} 43. Ne2 {[%emt 0:00:00]} Rf3+ {[%emt 0:05:04]} 44. Ke1 {[%emt 0:00:00]} Re3 {[%emt 0:00:15]} 45. Kf2 {[%emt 0:00:00]} Rh5 {[%emt 0:03:56]} 46. Ng1 {[%emt 0:00:00]} Rh2+ {[%emt 0:07:53]} 47. Kf1 {[%emt 0:00:00]} f3 {[%emt 0:00:14]} 48. a6 {[%emt 0:00:00]} Ra2 {[%emt 0:00:03]} 49. Bc4 {[%emt 0:00:00]} Rc3 {[%emt 0:00:01]} 50. Bd5 {[%emt 0:00:00]} f2 {[%emt 0:02:18]} 51. Ne2 {[%emt 0:01:37]} Rcc2 {[%emt 0:00:00]} 52. a7 {[%emt 0:00:21]} Rxa7 {[%emt 0:00:16]} 53. Bxe4 {[%emt 0:00:06]} Rb2 {[%emt 0:00:17]} 54. Bd5 {[%emt 0:02:37]} Kh6 {[%emt 0:01:21]} 55. Kxf2 {[%emt 0:00:20]} Rd7 {[%emt 0:00:19]} 56. Rh1+ {[%emt 0:00:21]} Kg5 {[%emt 0:00:09]} 57. Bc4 {[%emt 0:00:18]} Rd8 {[%emt 0:00:24]} 58. Rg1+ {[%emt 0:00:21]} Kf6 {[%emt 0:00:01]} 59. Rg3 {[%emt 0:00:46]} g5 {[%emt 0:00:33]} 60. Re3 {[%emt 0:00:28]} Rd1 {[%emt 0:00:49]} 61. Kg3 {[%emt 0:00:51]} Kf5 {[%emt 0:00:59]} 62. Rf3+ {[%emt 0:01:24]} Kg6 {[%emt 0:00:20]} 63. Rf2 {[%emt 0:03:48]} Rdd2 {[%emt 0:00:38]} 64. Bf7+ {[%emt 0:00:47]} Kg7 {[%emt 0:00:06]} 65. Bc4 {[%emt 0:00:06]} Kg6 {[%emt 0:00:08]} 1/2-1/2